Groupes Coupe du Monde 1998 - Statistiques

Statistiques générales
  • Ce quiz a été pris 639 fois
  • Le résultat moyen est 27 sur 32
Statistiques - réponses
% Correct
France
100%
Brésil
99%
Argentine
97%
Espagne
96%
Italie
96%
Allemagne
94%
Croatie
94%
Japon
94%
Angleterre
93%
Etats Unis
93%
Pays Bas
93%
Maroc
91%
Mexique
91%
Danemark
90%
Belgique
89%
Corée du Sud
89%
Afrique du Sud
88%
Chili
87%
Paraguay
86%
Arabie Saoudite
85%
Colombie
85%
Cameroun
84%
Norvège
81%
Tunisie
81%
Iran
78%
Nigéria
78%
Autriche
71%
Ecosse
71%
Roumanie
67%
Bulgarie
65%
Jamaique
57%
Yougoslavie
52%
Aucun quiz correspondant
Distribution des résultats
% des personnes avec chaque résultat
Percentile par nombre de réponses
Votre historique - résultats
Vous n’avez pas pris ce quiz